LIBRARY & INFORMATION CENTRE, KCAET, TAVANUR

ONLINE PUBLIC ACCESS CATALOGUE (OPAC)

Fertilizer-use research in oilseed pulse crops in India / (Record no. 347)

MARC details
000 -LEADER
fixed length control field 00579cam a2200217ua 4500
041 ## - LANGUAGE CODE
Language code of text/sound track or separate title eng
082 ## - DEWEY DECIMAL CLASSIFICATION NUMBER
Classification number 631.8
Item number PAS/FE
100 ## - MAIN ENTRY--AUTHOR NAME
Personal name Pasricha, N S.
245 ## - TITLE STATEMENT
Title Fertilizer-use research in oilseed pulse crops in India /
250 ## - EDITION STATEMENT
Edition statement 1 /
260 ## - PUBLICATION, DISTRIBUTION, ETC. (IMPRINT)
Place of publication New Delhi :
Name of publisher Indian Agricultural Research Institute ,
Year of publication 1991.
300 ## - PHYSICAL DESCRIPTION
Number of Pages 99 ; .
700 1# - ADDED ENTRY--PERSONAL NAME
Personal name Aulaksh, M S.
700 1# - ADDED ENTRY--PERSONAL NAME
Personal name Bahl, G S.
700 1# - ADDED ENTRY--PERSONAL NAME
Personal name Dhillou, K S.
942 ## - ADDED ENTRY ELEMENTS (KOHA)
Koha item type Books
Holdings
Withdrawn status Lost status Damaged status Home library Current library Date acquired Full call number Accession Number Koha item type
      KAUAET KAUAET 07/04/2012 631.8 19557 Books
free website counter